[Event "Krakow op-A 34th"]
[Site "Krakow"]
[Date "2024.01.02"]
[Round "6"]
[White "Hryharovich, Aliaksei"]
[Black "Zalega, Maciej"]
[Result "1-0"]
[WhiteElo "2195"]
[BlackElo "2113"]
[PlyCount "61"]
[EventDate "2023.12.27"]
[EventType "swiss"]
[EventRounds "9"]
[EventCountry "POL"]
[SourceTitle "CB02_2024"]
[SourceDate "2024.01.10"]
[SourceVersion "1"]
[SourceVersionDate "2024.01.10"]
[SourceQuality "1"]

1. d4 f5 2. g3 Nf6 3. Bg2 g6 4. Nd2 Bg7 5. e4 fxe4 6. Nxe4 Nxe4 7. Bxe4 d5 8. Bg2 0-0 9. Nf3 Bf5 10. 0-0 Nc6 11. c3 Qd7 12. Bf4 h6 13. Ne5 Nxe5 14. Bxe5 c6 15. Bxg7 Kxg7 16. Re1 Rf7 17. Re5 Raf8 18. f4 h5 19. Qe2 Rh8 20. Re1 Kf8 21. c4 h4 22. cxd5 hxg3 23. hxg3 Bh3 24. Bf3 Rfh7 25. Rg5 Rh6 26. Qe5 Bf5 27. g4 Bxg4 28. Rxg4 Rh1+ 29. Bxh1 Qxg4+ 30. Bg2 Rh7 31. d6 1-0

[Event "Krakow op-A 34th"]
[Site "Krakow"]
[Date "2024.01.02"]
[Round "7"]
[White "Zalega, Maciej"]
[Black "Katsanis, Vasileios Dimitrios"]
[Result "1/2-1/2"]
[WhiteElo "2113"]
[BlackElo "2133"]
[PlyCount "116"]
[EventDate "2023.12.27"]
[EventType "swiss"]
[EventRounds "9"]
[EventCountry "POL"]
[SourceTitle "CB02_2024"]
[SourceDate "2024.01.10"]
[SourceVersion "1"]
[SourceVersionDate "2024.01.10"]
[SourceQuality "1"]

1. e4 c6 2. d4 d5 3. Nc3 dxe4 4. Nxe4 Nf6 5. Nxf6+ exf6 6. c3 Bd6 7. Bd3 0-0 8. Qc2 Re8+ 9. Ne2 h5 10. 0-0 h4 11. Nf4 Qc7 12. g3 Nd7 13. Qd1 Nf8 14. Qh5 Qd7 15. Bd2 g5 16. Ng2 Qh3 17. Qf3 Bg4 18. Qxf6 Be7 19. Qh6 hxg3 20. Qxh3 gxf2+ 21. Rxf2 Bxh3 22. Ne3 f6 23. Nf5 Bxf5 24. Bxf5 Kg7 25. Re1 Bd6 26. Ref1 Ne6 27. Rg2 Kh8 28. Bxe6 Rxe6 29. h4 gxh4 30. Rf5 Re7 31. Bf4 Bxf4 32. Rxf4 Rg8 33. Rxh4+ Rh7 34. Re4 Rxg2+ 35. Kxg2 Kg8 36. Kg3 Kf7 37. Re2 f5 38. c4 Rh1 39. Rd2 Ke6 40. d5+ cxd5 41. cxd5+ Kd6 42. Rf2 Ke5 43. Rd2 Rh6 44. b3 Rd6 45. Re2+ Kf6 46. Rd2 Ke5 47. Re2+ Kxd5 48. Kf4 Rf6 49. Re7 Kc6 50. Ke5 Rd6 51. Kxf5 Rd2 52. a4 a5 53. Kf4 Rd4+ 54. Kf3 Rh4 55. Ke2 Rd4 56. Re5 b6 57. Rb5 Rh4 58. Kd2 Rh3 1/2-1/2

[Event "Krakow op-A 34th"]
[Site "Krakow"]
[Date "2023.12.31"]
[Round "5"]
[White "Zalega, Maciej"]
[Black "Panek, Bartosz"]
[Result "1/2-1/2"]
[WhiteElo "2113"]
[BlackElo "2232"]
[PlyCount "75"]
[EventDate "2023.12.27"]
[EventType "swiss"]
[EventRounds "9"]
[EventCountry "POL"]
[SourceTitle "CB02_2024"]
[SourceDate "2024.01.10"]
[SourceVersion "1"]
[SourceVersionDate "2024.01.10"]
[SourceQuality "1"]

1. c4 Nf6 2. Nc3 e6 3. e4 d6 4. d4 c5 5. dxc5 dxc5 6. Qxd8+ Kxd8 7. Bg5 h6 8. 0-0-0+ Bd7 9. Bh4 g5 10. Bg3 Nc6 11. h4 g4 12. h5 Be7 13. Be2 e5 14. Bd3 Ne8 15. f4 f6 16. Nge2 Be6 17. Nd5 Bd6 18. Bc2 Nd4 19. Nxd4 cxd4 20. fxe5 Bxe5 21. Bf2 Bxd5 22. exd5 Nd6 23. Bxd4 Nxc4 24. Bf5 Ke7 25. b3 Nd6 26. Be6 Nb5 27. Bxe5 fxe5 28. Bxg4 Rhg8 29. Be6 Rxg2 30. Rd2 Rxd2 31. Kxd2 Nd4 32. Ke3 Nxe6 33. dxe6 Kxe6 34. Rg1 Rf8 35. Rg6+ Rf6 36. Rg7 Rf7 37. Rg6+ Rf6 38. Rg7 1/2-1/2

[Event "POL-ch U20"]
[Site "Chotowa"]
[Date "2023.10.30"]
[Round "8"]
[White "Karut, Kacper"]
[Black "Zalega, Maciej"]
[Result "1/2-1/2"]
[WhiteElo "2093"]
[BlackElo "2155"]
[PlyCount "82"]
[EventDate "2023.10.24"]
[EventType "swiss"]
[EventRounds "9"]
[EventCountry "POL"]
[SourceTitle "Mega2024 Update 01"]
[Source "Chessbase"]
[SourceDate "2023.11.12"]
[SourceVersion "1"]
[SourceVersionDate "2023.11.12"]
[SourceQuality "1"]
[WhiteTeam "Poland"]
[BlackTeam "Poland"]
[WhiteTeamCountry "POL"]
[BlackTeamCountry "POL"]

1. d4 Nf6 2. c4 e6 3. Nc3 Bb4 4. f3 d5 5. a3 Bxc3+ 6. bxc3 0-0 7. Bg5 c5 8. Qd2 Nc6 9. e3 b6 10. Nh3 Na5 11. Qa2 h6 12. Bh4 Bb7 13. Nf2 cxd4 14. cxd4 h5 15. Rd1 Rc8 16. e4 dxe4 17. fxe4 Qc7 18. Bxf6 gxf6 19. Rc1 Qf4 20. Rc3 Bxe4 21. Nh3 Qh4+ 22. Rg3+ Bg6 23. Bd3 Nxc4 24. Qf2 Kh7 25. 0-0 e5 26. Qxf6 Qxf6 27. Rxf6 e4 28. Bxe4 Nd2 29. Rxf7+ Rxf7 30. Bxg6+ Kg7 31. Bxf7+ Kxf7 32. Rd3 Ne4 33. g3 Ke6 34. Nf4+ Kf5 35. Nxh5 Rc1+ 36. Kg2 Rc2+ 37. Kg1 Rc1+ 38. Kg2 Rc2+ 39. Kf3 Nd2+ 40. Ke2 Nc4+ 41. Kf3 Nd2+ 1/2-1/2

[Event "POL-ch U20"]
[Site "Chotowa"]
[Date "2023.10.27"]
[Round "5"]
[White "Zalega, Maciej"]
[Black "Zielonka, Adam"]
[Result "0-1"]
[WhiteElo "2155"]
[BlackElo "2059"]
[PlyCount "70"]
[EventDate "2023.10.24"]
[EventType "swiss"]
[EventRounds "9"]
[EventCountry "POL"]
[SourceTitle "Mega2024 Update 01"]
[Source "Chessbase"]
[SourceDate "2023.11.12"]
[SourceVersion "1"]
[SourceVersionDate "2023.11.12"]
[SourceQuality "1"]

1. e4 e5 2. Nf3 Nc6 3. Bc4 Bc5 4. c3 Nf6 5. d4 exd4 6. b4 Be7 7. e5 Ne4 8. b5 Na5 9. Bd3 Nxc3 10. Nxc3 dxc3 11. Qa4 c5 12. Qg4 g6 13. Ng5 d5 14. e6 Bxg5 15. Bxg5 f6 16. Be3 Qe7 17. Bxc5 Qxc5 18. Bxg6+ Kd8 19. Be4 Bxe6 20. Qxe6 Re8 21. Qxf6+ Qe7 22. Qxe7+ Rxe7 23. 0-0-0 Rxe4 24. Rxd5+ Kc7 25. Rc5+ Kb6 26. Rxc3 Rd8 27. Rf1 Kxb5 28. f4 Kb4 29. Rc7 b5 30. Rf3 Re1+ 31. Kc2 Re2+ 32. Kc1 Rxa2 33. f5 Nb3+ 34. Kb1 Ra1+ 35. Kb2 Rd2+ 0-1

[Event "Warsaw Szansa rapid op"]
[Site "Warsaw"]
[Date "2023.09.17"]
[Round "6"]
[White "Majek, Kacper"]
[Black "Zalega, Maciej"]
[Result "1-0"]
[WhiteElo "2164"]
[BlackElo "2155"]
[PlyCount "91"]
[EventDate "2023.09.17"]
[EventType "swiss (rapid)"]
[EventRounds "9"]
[EventCountry "POL"]
[SourceTitle "EXT 2024"]
[Source "ChessBase"]
[SourceDate "2023.10.10"]
[SourceVersion "1"]
[SourceVersionDate "2023.10.10"]
[SourceQuality "1"]

1. e4 c5 2. Nf3 d6 3. d4 cxd4 4. Nxd4 Nf6 5. Nc3 Nc6 6. Bg5 e6 7. Qd2 a6 8. 0-0-0 Bd7 9. Kb1 b5 10. Nxc6 Bxc6 11. f3 Be7 12. h4 h6 13. Be3 h5 14. Ne2 Qc7 15. Nd4 Bd7 16. Bd3 Rb8 17. Qe2 d5 18. Bg5 b4 19. e5 Ng8 20. Bxa6 Bxg5 21. hxg5 Ne7 22. f4 g6 23. g4 h4 24. Qf2 Qa5 25. Rxh4 Rf8 26. Bd3 Ra8 27. Kc1 Qxa2 28. Nb3 Rc8 29. Kd2 Qxb2 30. Qd4 Rc3 31. Qxb4 Rxb3 32. Qxb3 Qd4 33. Qb8+ Nc8 34. Kc1 Qxf4+ 35. Kb1 Qxg5 36. Rdh1 Qf4 37. g5 Qxg5 38. Bb5 Qd8 39. Rh8 Ke7 40. Rxf8 Qxf8 41. Rf1 Qd8 42. Qb7 Nb6 43. Rh1 d4 44. Bxd7 Nxd7 45. Qb4+ Ke8 46. Rh8+ 1-0

[Event "Warsaw Szansa rapid op"]
[Site "Warsaw"]
[Date "2023.09.17"]
[Round "2"]
[White "Pacan Milej, Kosma"]
[Black "Zalega, Maciej"]
[Result "1-0"]
[WhiteElo "2412"]
[BlackElo "2155"]
[PlyCount "67"]
[EventDate "2023.09.17"]
[EventType "swiss (rapid)"]
[EventRounds "9"]
[EventCountry "POL"]
[SourceTitle "EXT 2024"]
[Source "ChessBase"]
[SourceDate "2023.10.10"]
[SourceVersion "1"]
[SourceVersionDate "2023.10.10"]
[SourceQuality "1"]

1. Nf3 Nf6 2. c4 g6 3. Nc3 Bg7 4. g3 0-0 5. Bg2 d6 6. d4 Nc6 7. 0-0 Bg4 8. d5 Na5 9. Qd3 c5 10. Nd2 a6 11. b3 Rb8 12. Bb2 Qd7 13. Rab1 b5 14. e4 bxc4 15. bxc4 e5 16. Nd1 Bxd1 17. Rfxd1 Qa4 18. Bc3 Bh6 19. f4 Nd7 20. Bh3 Nb6 21. fxe5 Naxc4 22. Nxc4 Nxc4 23. exd6 Nxd6 24. Rxb8 Rxb8 25. Re1 Qxa2 26. e5 Nb5 27. e6 f5 28. e7 Nxc3 29. Qxc3 Re8 30. d6 Qd5 31. Qe5 Qd3 32. Bg2 Bg7 33. Qd5+ Qxd5 34. Bxd5+ 1-0

[Event "POL-ch Rapid U18"]
[Site "Bydgoszcz"]
[Date "2023.08.29"]
[Round "3"]
[White "Szymkiewicz, Witold"]
[Black "Zalega, Maciej"]
[Result "0-1"]
[WhiteElo "1714"]
[BlackElo "1954"]
[PlyCount "100"]
[EventDate "2023.08.28"]
[EventType "swiss"]
[EventRounds "11"]
[EventCountry "POL"]
[SourceTitle "EXT 2024"]
[Source "ChessBase"]
[SourceDate "2023.10.10"]
[SourceVersion "1"]
[SourceVersionDate "2023.10.10"]
[SourceQuality "1"]

1. d4 Nf6 2. Nf3 g6 3. g3 Bg7 4. Bg2 0-0 5. 0-0 d6 6. c4 Nc6 7. Nc3 Bg4 8. h3 Bxf3 9. Bxf3 Nd7 10. e3 e5 11. d5 Ne7 12. e4 f5 13. Bg5 Nf6 14. Qd2 Qd7 15. Bxf6 Rxf6 16. exf5 gxf5 17. Bg2 Raf8 18. f4 Ng6 19. Ne2 h5 20. Bf3 h4 21. g4 e4 22. g5 exf3 23. gxf6 fxe2 24. Qxe2 Bxf6 25. Kh1 Qe8 26. Qg2 Qe4 27. Qxe4 fxe4 28. Rae1 Re8 29. f5 Nh8 30. Rf4 e3 31. Rf3 Bd4 32. Kg2 Re4 33. Kf1 Nf7 34. Ke2 Ne5 35. Rg1+ Kf7 36. Rff1 Bxb2 37. Rb1 Nxc4 38. Rg4 Rxg4 39. hxg4 Kf6 40. Kd3 b5 41. a4 a6 42. Rh1 Kg5 43. axb5 axb5 44. Rf1 h3 45. Ke2 Kxg4 46. f6 h2 47. f7 Bg7 48. Kd3 Kg3 49. Rf5 h1Q 50. Rg5+ Kf4 0-1

[Event "Suwalki Warakomska Memorial 7th"]
[Site "Suwalki"]
[Date "2023.08.09"]
[Round "3"]
[White "Zalega, Maciej"]
[Black "Malicka, Maria"]
[Result "1/2-1/2"]
[WhiteElo "2146"]
[BlackElo "2231"]
[PlyCount "154"]
[EventDate "2023.08.07"]
[EventType "swiss"]
[EventRounds "9"]
[EventCountry "POL"]
[SourceTitle "CBM 215 Extra"]
[Source "ChessBase"]
[SourceDate "2023.09.30"]
[SourceVersion "1"]
[SourceVersionDate "2023.09.30"]
[SourceQuality "1"]

1. e4 c5 2. Nf3 d6 3. d4 cxd4 4. Nxd4 Nf6 5. Nc3 a6 6. h3 e5 7. Nb3 Nc6 8. Be3 Be6 9. f4 exf4 10. Bxf4 Be7 11. Qe2 Ne5 12. 0-0-0 Nfd7 13. Nd4 Rc8 14. Qe3 Ng6 15. g3 Nxf4 16. gxf4 0-0 17. Kb1 Qa5 18. a3 Nb6 19. Nb3 Bxb3 20. cxb3 Qc5 21. Qxc5 Rxc5 22. b4 Rcc8 23. Nd5 Nxd5 24. Rxd5 Rc7 25. b5 axb5 26. Rxb5 Rfc8 27. Be2 Kf8 28. Bg4 Rb8 29. Rd1 Rc5 30. Rb4 Ke8 31. Rd3 Rc7 32. Rd5 Rc5 33. Rd3 Rc7 34. Rbd4 g6 35. Rb3 Bf8 36. Be2 Bh6 37. Rxd6 Bxf4 38. Rd1 Rd8 39. Bb5+ Ke7 40. Rxd8 Kxd8 41. Rd3+ Ke7 42. b3 Ke6 43. Rd8 Ke5 44. Re8+ Kd4 45. Bc4 Be5 46. Bd5 f5 47. Rd8 Bf6 48. Rb8 fxe4 49. Rxb7 Rc3 50. Rd7 e3 51. Bf3+ Ke5 52. Bd1 h5 53. a4 Ke6 54. Rb7 Rd3 55. Bf3 Rd2 56. Rb4 Kf5 57. Re4 Rb2+ 58. Kc1 Rxb3 59. Kd1 Ra3 60. Ke2 Bg5 61. Rc4 Ra2+ 62. Ke1 Bd8 63. Be2 Ba5+ 64. Kf1 Bd2 65. Kg2 g5 66. Kf3 Ra1 67. Rc5+ Kf6 68. Rc6+ Ke7 69. Rc7+ Kd6 70. Rg7 Rxa4 71. Rxg5 Rh4 72. Kg2 Rf4 73. Bf3 h4 74. Rg4 Ke5 75. Rxf4 Kxf4 76. Be2 Be1 77. Bd3 Bf2 1/2-1/2

[Event "Suwalki Warakomska Memorial 7th"]
[Site "Suwalki"]
[Date "2023.08.07"]
[Round "1"]
[White "Zalega, Maciej"]
[Black "Sowinski, Pawel"]
[Result "1/2-1/2"]
[WhiteElo "2146"]
[BlackElo "2334"]
[PlyCount "69"]
[EventDate "2023.08.07"]
[EventType "swiss"]
[EventRounds "9"]
[EventCountry "POL"]
[SourceTitle "CBM 215 Extra"]
[Source "ChessBase"]
[SourceDate "2023.09.30"]
[SourceVersion "1"]
[SourceVersionDate "2023.09.30"]
[SourceQuality "1"]

1. e4 c6 2. d4 d5 3. f3 g6 4. Nc3 Bg7 5. e5 c5 6. f4 Nc6 7. dxc5 d4 8. Nce2 Qa5+ 9. Qd2 Qxc5 10. Nf3 Bg4 11. Nexd4 f6 12. Nb3 Qb6 13. Qc3 Rd8 14. Be2 fxe5 15. fxe5 Bxf3 16. Qxf3 Nxe5 17. Qe3 Qc7 18. 0-0 Nf6 19. Bb5+ Nc6 20. Nc5 Nd5 21. Ne6 Nxe3 22. Nxc7+ Kd7 23. Bxe3 Kxc7 24. c3 a6 25. Bxc6 Kxc6 26. Bg5 Rd7 27. Rf7 e5 28. Raf1 Rg8 29. Rxd7 Kxd7 30. Rf7+ Kc6 31. Bf6 Bxf6 32. Rxf6+ Kc5 33. Kf2 Rd8 34. Ke2 Rd7 35. Rf8 1/2-1/2

[Event "Warsaw Najdorf Memorial op-A"]
[Site "Warsaw"]
[Date "2023.07.19"]
[Round "9"]
[White "Dalkowski, Rafal"]
[Black "Zalega, Maciej"]
[Result "1/2-1/2"]
[WhiteElo "2025"]
[BlackElo "2182"]
[PlyCount "45"]
[EventDate "2023.07.11"]
[EventType "swiss"]
[EventRounds "9"]
[EventCountry "POL"]
[SourceTitle "EXT 2024"]
[Source "ChessBase"]
[SourceDate "2023.10.10"]
[SourceVersion "1"]
[SourceVersionDate "2023.10.10"]
[SourceQuality "1"]

1. e4 c5 2. Nf3 Nc6 3. d4 cxd4 4. c3 Nf6 5. e5 Nd5 6. Bc4 e6 7. cxd4 d6 8. 0-0 Be7 9. Qe2 0-0 10. Rd1 Bd7 11. Bd2 Rc8 12. Nc3 Ndb4 13. exd6 Bxd6 14. a3 Na5 15. Bg5 Qb6 16. Bb5 Bxb5 17. Qxb5 Nd5 18. Qxb6 Nxb6 19. d5 Nb3 20. Rab1 exd5 21. Nxd5 Nc4 22. Ne7+ Bxe7 23. Bxe7 1/2-1/2

[Event "Warsaw Najdorf Memorial op-A"]
[Site "Warsaw"]
[Date "2023.07.16"]
[Round "6"]
[White "Zalega, Maciej"]
[Black "Lecki, Leonard"]
[Result "1/2-1/2"]
[WhiteElo "2182"]
[BlackElo "1995"]
[PlyCount "67"]
[EventDate "2023.07.11"]
[EventType "swiss"]
[EventRounds "9"]
[EventCountry "POL"]
[SourceTitle "EXT 2024"]
[Source "ChessBase"]
[SourceDate "2023.10.10"]
[SourceVersion "1"]
[SourceVersionDate "2023.10.10"]
[SourceQuality "1"]

1. Nf3 c5 2. e4 e6 3. d4 cxd4 4. Nxd4 a6 5. Bd3 g6 6. 0-0 Bg7 7. Be3 Ne7 8. c4 d5 9. cxd5 0-0 10. Nc3 exd5 11. exd5 Nxd5 12. Nxd5 Qxd5 13. Be2 Nc6 14. Bf3 Qe5 15. Nxc6 bxc6 16. Rc1 Bf5 17. b3 Rfd8 18. Qe1 Bd3 19. Be2 Be4 20. Bc4 Bd5 21. Bb6 Qxe1 22. Rfxe1 Rd7 23. a4 a5 24. Bxd5 cxd5 25. Rc5 Rb7 26. Bxa5 Rxb3 27. Rxd5 Ra3 28. Rd8+ Rxd8 29. Bxd8 Bc3 30. Rc1 Rxa4 31. Bb6 Bb2 32. Rc8+ Kg7 33. g3 Bd4 34. Bxd4+ 1/2-1/2

[Event "Warsaw Maciei Memorial"]
[Site "Warsaw"]
[Date "2023.07.10"]
[Round "10"]
[White "Sternik, Piotr"]
[Black "Zalega, Maciej"]
[Result "1-0"]
[WhiteElo "1783"]
[BlackElo "2182"]
[PlyCount "54"]
[EventDate "2023.07.10"]
[EventType "swiss (blitz)"]
[EventRounds "11"]
[EventCountry "POL"]
[SourceTitle "CBM 215 Extra"]
[Source "ChessBase"]
[SourceDate "2023.09.30"]
[SourceVersion "1"]
[SourceVersionDate "2023.09.30"]
[SourceQuality "1"]

1. d4 Nf6 2. Bg5 e6 3. e3 h6 4. Bh4 Be7 5. Bd3 d5 6. c4 0-0 7. Nc3 c6 8. Nf3 Nbd7 9. 0-0 b6 10. Qc2 Bb7 11. Rfe1 c5 12. cxd5 Nxd5 13. Bxe7 Qxe7 14. Nxd5 Bxd5 15. Rad1 Rac8 16. Qb1 Bxf3 17. gxf3 c4 18. Bf1 Nf6 19. Bg2 Nd5 20. Qc1 c3 21. b3 c2 22. Rd2 Nb4 23. Qb2 Nxa2 24. Rxc2 Nb4 25. Rxc8 Rxc8 26. Rc1 Rd8 27. Qc3 a5 1-0

[Event "Warsaw Maciei Memorial"]
[Site "Warsaw"]
[Date "2023.07.10"]
[Round "5"]
[White "Zalega, Maciej"]
[Black "Sriram, Jha"]
[Result "0-1"]
[WhiteElo "2182"]
[BlackElo "2315"]
[PlyCount "73"]
[EventDate "2023.07.10"]
[EventType "swiss (blitz)"]
[EventRounds "11"]
[EventCountry "POL"]
[SourceTitle "CBM 215 Extra"]
[Source "ChessBase"]
[SourceDate "2023.09.30"]
[SourceVersion "1"]
[SourceVersionDate "2023.09.30"]
[SourceQuality "1"]

1. e4 d6 2. d4 Nf6 3. Nc3 e5 4. Nf3 Nbd7 5. Bc4 Be7 6. 0-0 0-0 7. Be3 c6 8. a4 Nxe4 9. Bxf7+ Rxf7 10. Nxe4 d5 11. Neg5 Bxg5 12. Nxg5 Rf5 13. Qh5 h6 14. Qg6 Nf8 15. Nf7 Nxg6 16. Nxd8 Rf8 17. dxe5 Nxe5 18. f4 Nc4 19. Bc5 Rxd8 20. f5 Kf7 21. Rae1 Nd6 22. f6 gxf6 23. Re3 Ne4 24. Bd4 f5 25. g4 Rg8 26. h3 c5 27. Be5 d4 28. Rb3 b6 29. Rbf3 Ke6 30. Bf4 fxg4 31. hxg4 Rxg4+ 32. Kh2 Kd5 33. Bc7 Be6 34. c4+ dxc3 35. Rd1+ Kc6 36. Be5 Rag8 37. Rd6+ 0-1

[Event "Bydgoszcz op-A"]
[Site "Bydgoszcz"]
[Date "2023.06.30"]
[Round "7"]
[White "Zalega, Maciej"]
[Black "Hnydiuk, Aleksander"]
[Result "1/2-1/2"]
[WhiteElo "2166"]
[BlackElo "2363"]
[PlyCount "20"]
[EventDate "2023.06.24"]
[EventType "swiss"]
[EventRounds "9"]
[EventCountry "POL"]
[SourceTitle "CBM 215 Extra"]
[Source "ChessBase"]
[SourceDate "2023.09.30"]
[SourceVersion "1"]
[SourceVersionDate "2023.09.30"]
[SourceQuality "1"]

1. e4 e5 2. Nf3 Nf6 3. d4 Nxe4 4. Bd3 d5 5. Nxe5 Nd7 6. Nxf7 Kxf7 7. Qh5+ Ke7 8. Qe2 Kf7 9. Qh5+ Ke7 10. Qe2 Kf7 1/2-1/2

[Event "Bydgoszcz op-A"]
[Site "Bydgoszcz"]
[Date "2023.06.28"]
[Round "5"]
[White "Krawczyk, Flawian"]
[Black "Zalega, Maciej"]
[Result "0-1"]
[WhiteElo "1995"]
[BlackElo "2166"]
[PlyCount "62"]
[EventDate "2023.06.24"]
[EventType "swiss"]
[EventRounds "9"]
[EventCountry "POL"]
[SourceTitle "CBM 215 Extra"]
[Source "ChessBase"]
[SourceDate "2023.09.30"]
[SourceVersion "1"]
[SourceVersionDate "2023.09.30"]
[SourceQuality "1"]

1. d4 Nf6 2. c4 g6 3. Nc3 Bg7 4. e4 d6 5. Be2 0-0 6. Be3 Nbd7 7. h4 e5 8. d5 Nc5 9. Qc2 c6 10. f3 cxd5 11. cxd5 Bd7 12. b4 Na6 13. a3 Nh5 14. Bxa6 bxa6 15. Qd2 f5 16. Nge2 Nf4 17. Nxf4 exf4 18. Bd4 Qe7 19. Kf2 Rac8 20. Rac1 Rc4 21. Bxg7 Qxg7 22. exf5 Rd4 23. Qa2 Rd3 24. Ne2 Qe5 25. fxg6 hxg6 26. Rc2 Qe3+ 27. Ke1 Re8 28. h5 gxh5 29. Rd2 Bb5 30. Rb2 Rc3 31. Qb1 Rc1+ 0-1

[Event "Bydgoszcz op-A"]
[Site "Bydgoszcz"]
[Date "2023.06.27"]
[Round "4"]
[White "Zalega, Maciej"]
[Black "Ochedzan, Tymon"]
[Result "1/2-1/2"]
[WhiteElo "2166"]
[BlackElo "2310"]
[PlyCount "199"]
[EventDate "2023.06.24"]
[EventType "swiss"]
[EventRounds "9"]
[EventCountry "POL"]
[SourceTitle "CBM 215 Extra"]
[Source "ChessBase"]
[SourceDate "2023.09.30"]
[SourceVersion "1"]
[SourceVersionDate "2023.09.30"]
[SourceQuality "1"]

1. e4 e6 2. d4 d5 3. e5 c5 4. c3 Nc6 5. Nf3 Qb6 6. a3 f6 7. Bd3 fxe5 8. Nxe5 Nf6 9. 0-0 Bd6 10. dxc5 Bxc5 11. Nxc6 bxc6 12. b4 Bd6 13. Bb2 0-0 14. c4 Qc7 15. h3 Ba6 16. cxd5 Bxd3 17. Qxd3 exd5 18. Nc3 Rae8 19. Rac1 Qb7 20. Rfd1 Nh5 21. Ne2 Qe7 22. Rc2 Qf7 23. Rf1 Re6 24. Bc1 Rg6 25. f4 Bc7 26. f5 Ng3 27. Nxg3 Rxg3 28. Qd1 Qd7 29. Bb2 Rxf5 30. Rxf5 Qxf5 31. Rxc6 Bb6+ 32. Kh2 Rg5 33. Qe1 h6 34. Bc1 Rg6 35. Qe8+ Kh7 36. Qxg6+ Qxg6 37. Rxg6 Kxg6 38. Kg3 Kf5 39. Kf3 Ke5 40. a4 d4 41. a5 Bd8 42. Bf4+ Kd5 43. Bb8 a6 44. b5 axb5 45. a6 Kc6 46. Ke4 Bb6 47. g4 b4 48. Kd3 b3 49. Be5 g6 50. Bf4 h5 51. gxh5 gxh5 52. Bc1 Kb5 53. Bb2 Kxa6 54. Kc4 Ka5 55. Kxb3 Kb5 56. Bc1 Kc5 57. Kc2 Kc4 58. Bg5 Ba5 59. Kd1 d3 60. h4 Kd4 61. Bf6+ Ke4 62. Be7 Bb6 63. Bg5 Bf2 64. Kd2 Bg3 65. Kd1 Bd6 66. Ke1 Bc5 67. Kd2 Bb4+ 68. Kd1 Kf3 69. Bd8 Kg4 70. Bf6 Ba5 71. Be7 Kf5 72. Bg5 Ke6 73. Be3 Ke5 74. Bg5 Ke4 75. Bf6 Bb6 76. Bg5 Bf2 77. Kd2 Bg1 78. Kd1 Bh2 79. Ke1 Bg3+ 80. Kd2 Bc7 81. Ke1 Bb6 82. Kd2 Ba5+ 83. Kd1 Bc3 84. Be7 Kf5 85. Bd8 Kg4 86. Be7 Ba5 87. Bf6 Kh3 88. Be7 Kg3 89. Bf6 Kg4 90. Be7 Bc7 91. Kd2 Bg3 92. Kxd3 Bxh4 93. Bxh4 Kxh4 94. Ke2 Kg3 95. Kf1 Kh2 96. Kf2 h4 97. Kf1 h3 98. Kf2 Kh1 99. Kf1 Kh2 100. Kf2 1/2-1/2

[Event "Bydgoszcz op-A"]
[Site "Bydgoszcz"]
[Date "2023.06.25"]
[Round "2"]
[White "Zalega, Maciej"]
[Black "Smietanska, Wiktoria"]
[Result "1-0"]
[WhiteElo "2166"]
[BlackElo "1936"]
[PlyCount "57"]
[EventDate "2023.06.24"]
[EventType "swiss"]
[EventRounds "9"]
[EventCountry "POL"]
[SourceTitle "CBM 215 Extra"]
[Source "ChessBase"]
[SourceDate "2023.09.30"]
[SourceVersion "1"]
[SourceVersionDate "2023.09.30"]
[SourceQuality "1"]

1. e4 c5 2. Nf3 d6 3. d4 cxd4 4. Nxd4 Nf6 5. Nc3 a6 6. h4 e5 7. Nb3 Be7 8. Be2 Be6 9. f4 b5 10. g4 b4 11. Nd5 Nxd5 12. exd5 Bxh4+ 13. Kf1 Bd7 14. Qd3 Bb5 15. Qe4 Bxe2+ 16. Kxe2 Kf8 17. g5 Bg3 18. Kf3 exf4 19. Bxf4 Bxf4 20. Qxf4 Ra7 21. Nd4 Kg8 22. Rae1 g6 23. Kg3 Kg7 24. Nf5+ Kf8 25. Nxd6 Re7 26. Qf6 Rg8 27. Rxh7 Qd7 28. Rxe7 Qxe7 29. Rxf7+ 1-0

[Event "Malopolska-ch"]
[Site "Krakow"]
[Date "2023.06.10"]
[Round "6"]
[White "Golubka, Petr"]
[Black "Zalega, Maciej"]
[Result "1/2-1/2"]
[WhiteElo "2373"]
[BlackElo "2166"]
[PlyCount "39"]
[EventDate "2023.06.08"]
[EventType "swiss"]
[EventRounds "7"]
[EventCountry "POL"]
[SourceTitle "CBM 214 Extra"]
[Source "ChessBase"]
[SourceDate "2023.07.31"]
[SourceVersion "1"]
[SourceVersionDate "2023.07.31"]
[SourceQuality "1"]

1. e4 c5 2. b3 g6 3. Bb2 Nf6 4. e5 Nd5 5. Qf3 e6 6. Bc4 Nb4 7. Na3 a6 8. Qg3 b5 9. Be2 Bb7 10. c3 N4c6 11. f4 d6 12. c4 dxe5 13. cxb5 Nd4 14. Nf3 exf4 15. Qxf4 Bg7 16. Bxd4 cxd4 17. bxa6 Bxa6 18. Bxa6 Rxa6 19. Nc4 0-0 20. 0-0 1/2-1/2

[Event "Malopolska-ch"]
[Site "Krakow"]
[Date "2023.06.09"]
[Round "4"]
[White "Suder, Jakub"]
[Black "Zalega, Maciej"]
[Result "0-1"]
[WhiteElo "2265"]
[BlackElo "2166"]
[PlyCount "85"]
[EventDate "2023.06.08"]
[EventType "swiss"]
[EventRounds "7"]
[EventCountry "POL"]
[SourceTitle "CBM 214 Extra"]
[Source "ChessBase"]
[SourceDate "2023.07.31"]
[SourceVersion "1"]
[SourceVersionDate "2023.07.31"]
[SourceQuality "1"]

1. d4 Nf6 2. c4 g6 3. Nc3 Bg7 4. e4 d6 5. Be2 0-0 6. Nf3 e5 7. 0-0 Nc6 8. d5 Ne7 9. Ne1 Nd7 10. Nd3 f5 11. Bd2 Nf6 12. f3 a5 13. a3 Bd7 14. b4 Kh8 15. Kh1 Neg8 16. Nf2 Bh6 17. Bxh6 Nxh6 18. c5 f4 19. cxd6 cxd6 20. Nb5 axb4 21. axb4 Qb6 22. Ra5 g5 23. Qa1 Rac8 24. Qb2 Rg8 25. Na3 g4 26. Nc4 Qc7 27. b5 g3 28. b6 Qb8 29. Nd3 Rxc4 30. Nxe5 dxe5 31. Bxc4 Qe8 32. Kg1 gxh2+ 33. Kxh2 Nhg4+ 34. fxg4 Nxg4+ 35. Kg1 Qh5 36. Rf2 Qh2+ 37. Kf1 Ne3+ 38. Ke2 Nxc4 39. Qc3 Qh5+ 40. Kf1 Qh2 41. Qb2 Ne3+ 42. Ke1 Nc4 43. Qc3 0-1

[Event "Malopolska-ch"]
[Site "Krakow"]
[Date "2023.06.09"]
[Round "3"]
[White "Zalega, Maciej"]
[Black "Barwinska, Ewa"]
[Result "1-0"]
[WhiteElo "2166"]
[BlackElo "1953"]
[PlyCount "121"]
[EventDate "2023.06.08"]
[EventType "swiss"]
[EventRounds "7"]
[EventCountry "POL"]
[SourceTitle "CBM 214 Extra"]
[Source "ChessBase"]
[SourceDate "2023.07.31"]
[SourceVersion "1"]
[SourceVersionDate "2023.07.31"]
[SourceQuality "1"]

1. e4 c5 2. Nf3 d6 3. d4 cxd4 4. Nxd4 Nf6 5. Nc3 a6 6. h4 e5 7. Nb3 Be6 8. f4 exf4 9. Bxf4 Be7 10. Qd2 Nh5 11. 0-0-0 Nxf4 12. Qxf4 Nd7 13. Nd4 0-0 14. Nf5 Bf6 15. Qd2 Qa5 16. a3 Bxf5 17. exf5 Qxf5 18. Qxd6 Bxc3 19. Qxd7 Qf4+ 20. Kb1 Bf6 21. Bd3 Rfd8 22. Qh3 b5 23. c3 Rab8 24. g4 Re8 25. g5 Re3 26. Qg2 Be7 27. Rhf1 Qe5 28. Qf2 Rf8 29. Rg1 Bc5 30. Qc2 Rxd3 31. Qxd3 Bxg1 32. Rxg1 a5 33. h5 Kh8 34. Qf3 Qc5 35. Rg4 f5 36. Rd4 Qe7 37. Qf4 Qe1+ 38. Ka2 Qe6+ 39. Kb1 Qe1+ 40. Kc2 Qe2+ 41. Rd2 Qxh5 42. Qxf5 Qe8 43. Qd3 b4 44. axb4 axb4 45. Rh2 b3+ 46. Kd1 g6 47. Qd4+ Kg8 48. Re2 Qf7 49. c4 Qf5 50. Qd5+ Qxd5+ 51. cxd5 Rf5 52. d6 Kf8 53. d7 Rd5+ 54. Rd2 Rxd2+ 55. Kxd2 Ke7 56. Kc3 Kxd7 57. Kxb3 Ke6 58. Kc4 Kf5 59. b4 Kxg5 60. b5 h5 61. b6 1-0